High-Speed Networks and Internets : Performance and Quality (Record no. 248767)

MARC details
000 -LEADER
fixed length control field 00435nam a2200157Ia 4500
008 - FIXED-LENGTH DATA ELEMENTS--GENERAL INFORMATION
fixed length control field 240921s9999||||xx |||||||||||||| ||und||
082 ## - DEWEY DECIMAL CLASSIFICATION NUMBER
-- 004.678 P6
100 ## - MAIN ENTRY--PERSONAL NAME
Personal name Stallings,William
245 #0 - TITLE STATEMENT
Title High-Speed Networks and Internets : Performance and Quality
260 ## - PUBLICATION, DISTRIBUTION, ETC. (IMPRINT)
Date of publication, distribution, etc 2006
Name of publisher, distributor, etc Tata Mcgraw Hill,New
650 ## - SUBJECT ADDED ENTRY--TOPICAL TERM
Topical term or geographic name as entry element Computer Networks
942 ## - ADDED ENTRY ELEMENTS (KOHA)
Item type Book Bank
Holdings
Withdrawn status Lost status Damaged status Permanent location Current location Shelving location Date acquired Source of acquisition Full call number Barcode Date last seen Koha item type
      CENTRAL LIBRARY, NOORUL ISLAM CENTRE FOR HIGHER EDUCATION CENTRAL LIBRARY, NOORUL ISLAM CENTRE FOR HIGHER EDUCATION     Nil 004.678 P6 BB 923 09/21/2024 Book Bank
Visitors:
Copyright © 2024 Central Library NICHE.  All rights reserved.